| 000 | 00647nam a2200205 a 4500 | ||
|---|---|---|---|
| 001 | 000032556 | ||
| 003 | OSt | ||
| 005 | 20201012135334.0 | ||
| 008 | 110324s1983 dr a 000 0 spa d | ||
| 040 |
_aDO-SdBNP _bspa _cBNPHU |
||
| 049 | _aBNPD | ||
| 100 | 1 |
_aCoiscou Weber, Rodolfo _919739 |
|
| 245 | 1 | 0 |
_aHistoria de la cultura dominicana / _cRodolfo Coiscou Weber. |
| 260 |
_aSanto Domingo : _bImprenta Héctor Blanco Weber, _c1983. |
||
| 300 |
_av. : _bil. ; _c17 cm. |
||
| 490 | 1 |
_aAntología de nuestra voz _v6 |
|
| 505 | 0 |
_gv. 1 _tDesde sus origenes hasta el siglo xix -- |
|
| 830 | 0 |
_aAntología de nuestra voz, 6 _923130 |
|
| 942 |
_2ddc _cLF1 |
||
| 999 |
_c32047 _d32047 |
||